| 000 | 00830nam a2200241 i 4500 | ||
|---|---|---|---|
| 001 | bg | ||
| 245 | 1 | 0 |
_aKapitał zagraniczny : _bwyzwania i szanse / _cred. nauk. Ireneusz Michałków ; Wyższa Szkoła Ekonomiczna w Warszawie. |
| 260 |
_aWarszawa : _bWSE, _c2004. |
||
| 300 |
_a178, [1] s. : _bwykr. ; _c24 cm. |
||
| 504 | _aBibliogr. przy rozdz. | ||
| 650 | 9 |
_aInwestycje zagraniczne _zPolska _yod 1989 r. |
|
| 655 | _aPodręczniki akademickie | ||
| 700 | 1 |
_aMICHAŁKÓW, Ireneusz. _eRed. |
|
| 710 | 0 | _aWyższa Szkoła Ekonomiczna (Warszawa) | |
| 020 | _a8386990864 | ||
| 040 | _cBPK | ||
| 041 | 0 | _apol | |
| 080 | _a339.727(438)"1989/..."(075.8) | ||
| 920 | _a83-86990-86-4 | ||
| 942 | _cKS | ||
| 008 | s pl f |000 0 pol | ||
| 999 |
_c44511 _d44511 |
||
| 856 |
_uhttp://koha.tu.koszalin.pl/cgi-bin/koha/opac-detail.pl?biblionumber=44511 _yKatalog online BPK |
||